The Synonym Challenge Quiz Stats

 Plays Quiz Updated Feb 26, 2019

Score 0/25 Timer 04:00
2 Plays Today
% Correct
Asphyxiate
92.1%
Disaster
87.4%
Insinuation
80.4%
Drink
77.3%
Peculiarity
76.2%
Adamant
75.6%
Overcome
75.6%
Talkative
74.5%
Shorten
73.6%
Decay
71.6%
Frolic
71.2%
Whirlpool
70.4%
Indict
70%
% Correct
Ridicule
67.6%
Greed
67%
Benevolent
64%
Surrender
59.4%
Lewd
56.6%
Covert
55.2%
Commonplace
54.6%
Harmful
54.3%
Arid
52.5%
Rustic
47.6%
Omen
43.8%
Whisper
40.2%

You're not logged in!

Compare scores with friends on all Sporcle quizzes.
OR
Log In

Sporcle TV

Today on Sporcle TV


Watch our educational content, quiz creation guides, and fun videos on Sporcle TV.

Show Comments

Extras

Top Quizzes Today


Score Distribution

Your Account Isn't Verified!

In order to create a playlist on Sporcle, you need to verify the email address you used during registration. Go to your Sporcle Settings to finish the process.

Report this User

Report this user for behavior that violates our Community Guidelines.

Details: